000 00755nam a2200205Ia 4500
003 GCL
008 140319s9999 xx 000 0 ara d
040 _aGCL /
_cGCL
082 0 4 _aق
_b932
_bم ت \\=aمحمد ديابv
245 1 0 _aتاريخ مصر القديم والحديث
300 _a118 ص
490 _aالهيئة العامة للاستعلامات
_v0
650 0 4 _aالتاريخ الاسلامى
650 0 4 _aالاسلام - تاريخ
650 0 4 _aمصر - تاريخ - العصر الاسلامى
650 0 4 _aمصر - تاريخ - العصر الفاطمى ( 969-1171 م )
650 0 4 _aمصر - تاريخ - العصر الايوبى ( 1171-1250 م )
650 0 4 _aمصر القديمة - تاريخ
942 _2ddc
_cBK
999 _c51640
_d51640